Loading...

A Handbook Of Kerala Volume II

Bibliographic Details
Other Authors: Madhava Menon, T.
Format: Printed Book
Published: Thiruvananthapuram: The International School Of Dravidian Linguistics, 2002.
Subjects:
LEADER 00501nam a22001337a 4500
020 |a 81-85692-31-9 
082 |a 954.83 
245 |a A Handbook Of Kerala Volume II  |c Edited by Madhava Menon, T. 
260 |a Thiruvananthapuram:  |b The International School Of Dravidian Linguistics,  |c 2002. 
650 |a Kerala 
700 |a Madhava Menon, T. 
942 |c BK 
999 |c 299388  |d 299388 
952 |0 0  |1 0  |4 0  |6 954_830000000000000_MAD_2  |7 0  |8 REF  |9 319624  |a LIN  |b LIN  |d 2020-09-23  |l 0  |o 954.83 MAD.2  |p LIN8859  |r 2020-09-23  |w 2020-09-23  |y BK